Annual Abstract of Statistics [Great Britain] 1994

Salvato in:
Dettagli Bibliografici
Natura: Libro
Lingua:inglese
Pubblicazione: London Central Statistical Office 1994
Soggetti:
Tags: Aggiungi Tag
Nessun Tag, puoi essere il primo ad aggiungerne!!

MARC

LEADER 00000nam a2200000 4500
001 c005439
005 20251212130636.7
020 |a 0-11-620605-5 
041 0 |a eng 
044 |a GB 
245 1 0 |a Annual Abstract of Statistics [Great Britain] 1994  |c Edit. Geoff Dennis 
264 1 |a London  |b Central Statistical Office  |c 1994 
300 |a 348 s. 
610 2 0 |a Veľká Británia